000
00297nam a22001337a 4500
008
210507b ||||| |||| 00| 0 eng d
041
_a
eng
080
_a
82
082
_a
82
100
_a
21
101
_a
GJL
245
_a
The Decline and Fall of the Roman Empire
_c
Bury,J.B
942
_2
udc
_c
BK
999
_c
57089
_d
57089